LEADER 01166nam0 22002891i 450 001 UON00230360 005 20231205103458.733 100 $a20030730d1972 |0itac50 ba 101 $aita 102 $aIT 105 $a|||| ||||| 200 1 $a Scuola e comunità$fLamberto Borghi 210 $aFirenze$cLa Nuova Italia$d1972 215 $aXIII, 363 p.$d20 cm. 410 1$1001UON00171540$12001 $aEducatori Antichi e Moderni$1210 $aScandicci$eFirenze$cLa Nuova Italia$v186 606 $aEducazione e società$3UONC049893$2FI 606 $aScuola e società$3UONC043811$2FI 620 $aIT$dFirenze$3UONL000052 676 $a370.19$cASPETTI SOCIALI DELL'EDUCAZIONE$v21 700 1$aBORGHI$bLamberto$3UONV139141$024611 712 $aLa Nuova Italia$3UONV245954$4650 801 $aIT$bSOL$c20260327$gRICA 899 $aSIBA - SISTEMA BIBLIOTECARIO DI ATENEO E ARCHIVIO STORICO$2UONSI 912 $aUON00230360 950 $aSIBA - SISTEMA BIBLIOTECARIO DI ATENEO E ARCHIVIO STORICO$dSI FS 01684 $eSI LO 7981 5 996 $aScuola e comunità$9274811 997 $aUNIOR